Wszystkie skiny do AWP w CS:GO - Statystyki

Ogólne statystyki
  • Ten quiz został rozwiązany 263 razy
  • Średni wynik to 16 z 34
Statystyki odpowiedzi
Rodzaj (Kolor) Skin % Poprawnych
Czerwony Dragon Lore
96%
Czerwony Asiimov
81%
Czerwony Medusa
72%
Niebieski Safari Mesh
70%
Czerwony Gungnir
63%
Czerwony The Prince
61%
Różowy BOOM
57%
Różowy Redline
56%
Czerwony Hyper Beast
54%
Czerwony Fade
52%
Czerwony Neo-Noir
52%
Różowy Mortis
51%
Czerwony Wildfire
51%
Fioletowy Worm God
51%
Różowy Elite Build
49%
Różowy Fever Dream
48%
Czerwony Lightning Strike
47%
Czerwony Man-o'-war
44%
Fioletowy PAW
43%
Niebieski Sun in Leo
43%
Fioletowy Phobos
42%
Różowy Graphite
41%
Fioletowy Atheris
40%
Niebieski Capillary
40%
Czerwony Containment Breach
39%
Fioletowy Pink DDPAT
39%
Fioletowy Exoskeleton
38%
Różowy Corticera
37%
Różowy Electric Hive
36%
Fioletowy Pit Viper
34%
Czerwony Oni Taiji
31%
Niebieski Acheron
30%
Niebieski Snake Camo
30%
Różowy Silk Tiger
23%
Nie znaleziono quizów pasujących do podanych kryteriów
Rozkład punktacji
Procent ludzi z każdym wynikiem
Percentyl według liczby udzielonych odpowiedzi
Twoja historia wyników
Nie rozwiązałeś tego quizu